| 000 | 00394cam a2200157ua 4500 | ||
|---|---|---|---|
| 041 |
_aeng _h |
||
| 082 |
_a692.5 _bBAI/EX |
||
| 100 | _aBailey, R.G . | ||
| 245 | 0 | 0 |
_aExample in builders estimating / _cR.G.Bailey. _hTextual Documents |
| 250 |
_a1 / _b. |
||
| 260 |
_aLondon : _bCrosby Lovekwood and son ltd , _c1951. |
||
| 300 | _a32 ; . | ||
| 504 | _a | ||
| 942 | _cBK | ||
| 999 |
_c2068 _d2068 |
||